Selektívna anodická oxidácia titánových povlakov
Na minha lista:
| Autor principal: | |
|---|---|
| Outros Autores: | |
| Formato: | Manuscrito Livro |
| Idioma: | eslovaco |
| Publicado em: |
2022
|
| Assuntos: | |
| Acesso em linha: | http://is.stuba.sk/zp/portal_zp.pl?podrobnosti=164199 |
| Tags: |
Sem tags, seja o primeiro a adicionar uma tag!
|
MARC
| LEADER | 00000ntm a22000003a 4500 | ||
|---|---|---|---|
| 001 | stuzp89468 | ||
| 003 | SK-STU | ||
| 005 | 20220611212414.7 | ||
| 007 | ta | ||
| 008 | 150427s2015----xo-----f-mn---000-0-slo-d | ||
| 040 | |a STU |b slo | ||
| 041 | 0 | |a slo | |
| 100 | 1 | |a Kočitá, Lucia |u 061000 |k Z4 |4 aut |U MTF Materiálovotechnologická fakulta |T MTF Ústav materiálov |X 91435 |U M1000 |Y 81 |7 91435 | |
| 242 | 0 | 1 | |a Selective anodic oxidation of titanium coatings |y eng |
| 245 | 1 | 0 | |a Selektívna anodická oxidácia titánových povlakov |
| 260 | |c 2022 | ||
| 650 | 4 | |a selektívna anodická oxidácia |2 slo | |
| 650 | 4 | |a titánové povlaky |2 slo | |
| 650 | 4 | |a rastrovacia elektrónová mikroskopia |2 slo | |
| 650 | 4 | |a röntgenová difrakcia pri malom uhle (GI-XRD) |2 slo | |
| 650 | 4 | |a fyzikálna depozícia z pár (PVD) |2 slo | |
| 650 | 4 | |a selective anodic oxidation |2 eng | |
| 650 | 4 | |a physical vapor deposition (PVD) |2 eng | |
| 650 | 4 | |a titanium coatings |2 eng | |
| 650 | 4 | |a scanning electron microscopy |2 eng | |
| 650 | 4 | |a Grazing incidence x-ray diffraction (GI-XRD) |2 eng | |
| 700 | 1 | |a Pašák, Matej |u 061000 |k Z1 |4 ths |U MTF Materiálovotechnologická fakulta |T MTF Ústav materiálov |X 34383 |U M1000 |Y 81 |7 A000034383 | |
| 856 | 4 | |u http://is.stuba.sk/zp/portal_zp.pl?podrobnosti=164199 | |
| 996 | |c M* DP-14929 |l MMSKP |s P |a 0 |w stuzp89468_0001 | ||